• 首页
  • 本馆介绍
  • 公告通知
  • 最新文献
  • 馆藏检索
  • 电子资源
  • 读者导购
  • 参考咨询
  • 我的图书馆
  • 登录
  • 详细信息显示
  • 放入我的书架
  • 预约/预借图书
  • 作者相关作品
  • 分类相关作品
  • 丛书相关作品
  • 出版社相关作品

书目信息

  • 表格格式
  • 工作单格式
  • 卡片格式
题名:
童向朗读
    
 
作者: 王宗海 著
分册:  
出版信息: 上海   复旦大学出版社  2021.3
页数: 203页
开本: 26cm
丛书名:
单 册:
中图分类: G623.232
科图分类:
主题词: 朗诵--语言艺术--教学研究--小学
电子资源:
ISBN: 978-7-309-15467-2
000 01071nam0 2200229 45
001 012001002438
005 20210923085958.01
010    @a978-7-309-15467-2@dCNY48.00
100    @a20210201d2021 em y0chiy0110 ea
101 0  @achi
102    @aCN@b310000
105    @ay z 000yy
106    @ar
200 1  @a童向朗读@Atong xiang lang du@e用朗读教语文 : 小学版 : 配范读音频@f王宗海著
210    @a上海@c复旦大学出版社@d2021.3
215    @a203页@d26cm
330    @a本书是南京晓庄学院教授王宗海教授最新小学语文教学研究成果,同时也可以作为小学语文教师提高朗读能力的培训用书,主要内容是:儿童本位——童向朗读的基本特质、气生本位——童向朗读的基本功底、根情华声——童向朗读的基本技巧、基调语调——童向朗读的基本内容、三批三入——童向朗读教学的基本方法、读式三阶——童向朗读教学的基本支点。本书的朗读材料针对统编本小学语文教材,配有相关的音频材料,内容贴近小学语文教学和小学语文教师的实际。
606 0  @a朗诵@x语言艺术@x教学研究@x小学
690    @aG623.232@v5
701  0 @a王宗海@Awang zong hai@4著
801    @aCN@bAHXH@c20210922
905    @b1254281-5@dG623.232@e1756@f5
    
    童向朗读:用朗读教语文 : 小学版 : 配范读音频/王宗海著.-上海:复旦大学出版社,2021.3
    203页;26cm
    
    
    ISBN 978-7-309-15467-2:CNY48.00
    本书是南京晓庄学院教授王宗海教授最新小学语文教学研究成果,同时也可以作为小学语文教师提高朗读能力的培训用书,主要内容是:儿童本位——童向朗读的基本特质、气生本位——童向朗读的基本功底、根情华声——童向朗读的基本技巧、基调语调——童向朗读的基本内容、三批三入——童向朗读教学的基本方法、读式三阶——童向朗读教学的基本支点。本书的朗读材料针对统编本小学语文教材,配有相关的音频材料,内容贴近小学语文教学和小学语文教师的实际。
●
相关链接 在E读中查询图书 在五车中查询图书 在当当中查询图书 在豆瓣中查询图书


正题名:童向朗读     索取号:G623.232/1756         预约/预借

序号 登录号 条形码 馆藏地/架位号 状态 备注
1 1254281   212542818   第一样本阅览室/ [索取号:G623.232/1756] 在馆    
2 1254282   212542827   教育系资料室/ [索取号:G623.232/1756] 在馆    
3 1254283   212542836   教育系资料室/ [索取号:G623.232/1756] 在馆    
4 1254284   212542845   第四借阅区/ [索取号:G623.232/1756] 在馆    
5 1254285   212542854   第四借阅区/ [索取号:G623.232/1756] 在馆    
唐山师范学院图书馆 欢迎您!
大连网信软件有限公司© 版权所有